Benito Pérez Galdós

Gorde:
Xehetasun bibliografikoak
Egile nagusia: Pattison, Walter T.
Formatua: Liburua
Hizkuntza:Undetermined
Argitaratua: Boston, Estados Unidos Twayne publishers 1975
Gaiak:
Etiketak: Etiketa erantsi
Etiketarik gabe, Izan zaitez lehena erregistro honi etiketa jartzen!

MARC

LEADER 00000nam a2200000Ia 4500
008 170316s9999 xx 000 0 und d
090 |a B-862 P-1b 
100 |a Pattison, Walter T. 
245 |a Benito Pérez Galdós 
260 |a Boston, Estados Unidos 
260 |b Twayne publishers 
260 |c 1975 
300 |a 181 páginas 
650 |a LITERATURA ESPAÑOLA 
650 |a BIOGRAFÍA 
999 |c 28138  |d 28138 
040 |a cru BVZT 
942 |c 15 D  |h B-862 P-1b  |2 z